000 00469nam a2200157 a 4500
001 000033028
005 20200930070000.0
008 110808s1939 dr 000 0 spa d
040 _aDO-SdBNP
_bspa
_cBNPHU
100 1 _aGonzalo de Cordoba, P.
_958735
245 1 0 _aPinceladas liricas /
_cP. Gonzalo de Cordoba.
250 _a2a ed.
260 _aCiudad Trujillo, República Dominicana :
_bTipografía Franciscana,
_c1939.
300 _a79 p. ;
_c18 cm.
049 _aBNPD
999 _c32519
_d32519